De "apolíticas" a militantes. La incorporación de mujeres al partido conservador chileno (1934-1952).

Збережено в:
Бібліографічні деталі
Автор: Sanhueza Acuña, Camila (autora)
Формат: Невідомо
Опубліковано: Santiago, Chile: Ediciones Universidad Alberto Hurtado, 2022.
Редагування:Primera edición
Серія:Colección Historia
Предмети:
Теги: Додати тег
Немає тегів, Будьте першим, хто поставить тег для цього запису!

MARC

LEADER 00000 a2200000 4500
003 CL-VaPUC
005 20221107104415.0
008 221019t2022 ||||| |||| 00| 0 eng d
999 |c 438739  |d 438737 
020 |a 978-956-357-353-4 
040 |c Pontificia Universidad Católica de Valparaíso 
082 7 |a 323.340983 SAN 2022  |2 22 
100 |a Sanhueza Acuña, Camila  |9 876703  |e autora 
245 |a De "apolíticas" a militantes.   |b La incorporación de mujeres al partido conservador chileno (1934-1952). 
250 |a Primera edición 
260 |a Santiago, Chile:  |b Ediciones Universidad Alberto Hurtado,  |c 2022. 
300 |a 221 páginas. 
490 |a Colección Historia 
583 |k GC   |c 20221019 
650 0 |a Mujeres en la política  |9 321357  |x Partido conservador   |y 1934-1952  |z Chile  
942 |2 ddc  |c BK 
952 |0 0  |1 0  |2 ddc  |4 0  |6 323_340983000000000_SAN_2022  |7 0  |8 A  |9 587284  |a BIBHIS  |b BIBHIS  |c GEN  |d 2022-10-14  |e 3  |g 9397.00  |i 5655217  |o 323.340983 SAN 2022  |p 5655217  |r 2025-01-20  |t 1  |v 9397.00  |w 2022-10-14  |y BK  |k HIS